000 01330cam a22002294a 4500
005 20250605164047.0
008 250528s ||||||||||||||||||||||||d
035 _a17149
020 _a132598213
040 _aGR-AtMCL
_bgre
_dGR-AtMCL
_eAACR2
245 1 _aElementary Business Statistics / The Modern Approach
250 _a6th
260 _bPrentice Hall International,
_c1993
300 _a960
520 _aPreface, Introduction, Summarizing Data: Frequency Distributions, Summarizing Data: Statistical Descriptions, Possibilities and Probabilities and Expectations, Some Rules of Probability, Decision Analysis, Probability Distributions, Bayes's Theorem and the Revision of Probabilities, The Normal Distribution, Sampling and Sampling Distributions, Decision Making: Inferences about Means, Decision Making: Inferences about Standard Deviations, Decision Making: Infererences about Proportions, Decision Making: Analysis of Variance, Decision Making: Nonparametric Tests, Decision Making: Linear Regression, Decision Making: Correlation, Quality Control, Index Numbers, Time-Series Analysis, Planning Business Research, Bibliography, Index.
700 1 _aFreund John E
_93223
700 1 _aPerles Benjamin M
_93283
700 1 _aWilliams Frank J
_93284
942 _cBK
999 _c2588
_d2588